00684nam a22001937a 4500999001900000005001700019010001500036020002400051035001400075037001300089082001400102100001500116245005900131260003800190270007900228300002700307942002800334952012800362 c186904d18690420220322172210.0 aENG-132077 a9789386618221c1495 aEN-115609 bDBAD/PUB a728.30954 aHanda, O.C aPanorma of Indian Indigenous Architecture/cO.C.Handa  aNew Delhi bPentagon Press c2018 a206, Peacock Lane, Shahpur Jat'bNew Delhie110049mrajan@pentagonpress.in a178pbIndexc24cm(hbk) 2ddccENmHANh728.30954 001040708NFICaBL1bBL1d2022-03-22eDBAD/PUBg1495.00l0o728.30954 HANpEN-115609r2022-03-22 00:00:00t1v1495.00yEN